000 00310nam a22001217a 4500
008 180918b xxu||||| |||| 00| 0 eng d
041 _aeng
080 _a621
100 _a26
101 _aENG
245 _aPrentice Civil Engineering And Engineering Mechanics series
_cLegault.M
942 _2udc
_cBK
999 _c47927
_d47927